<?xml version="1.0" encoding="UTF-8"?>
<record
    xmlns:xsi="http://www.w3.org/2001/XMLSchema-instance"
    xsi:schemaLocation="http://www.loc.gov/MARC21/slim http://www.loc.gov/standards/marcxml/schema/MARC21slim.xsd"
    xmlns="http://www.loc.gov/MARC21/slim">

  <leader>008150000a22001090004500</leader>
  <datafield tag="773" ind1="0" ind2=" ">
    <subfield code="t">El eafitense</subfield>
  </datafield>
  <datafield tag="245" ind1="1" ind2="0">
    <subfield code="a">Exitoso proyecto de sustituci&#xF3;n de importaciones, fortalece la  relaci&#xF3;n Universidad-Empresa Exitoso proyecto de sustituci&#xF3;n de importaciones, fortalece larelaci&#xF3;n Universidad-Empresa Exitoso proyecto de sustituci&#xF3;n de importaciones, fortalece la  relaci&#xF3;n Universidad-Empresa Exitoso proyecto de sustituci&#xF3;n de importaciones, fortalece la  relaci&#xF3;n Universidad-Empresa Exitoso proyecto de sustituci&#xF3;n de importaciones, fortalece la  relaci&#xF3;n Universidad-Empresa Exitoso proyecto de sustituci&#xF3;n de importaciones, fortalece la relaci&#xF3;n Universidad-Empresa</subfield>
  </datafield>
  <datafield tag="300" ind1=" " ind2=" ">
    <subfield code="a">Vol.0, n&#xFA;m.90 (2006), P&#xE1;ginas 10-11</subfield>
  </datafield>
  <datafield tag="500" ind1=" " ind2=" ">
    <subfield code="a">Investigaci&#xF3;n</subfield>
  </datafield>
  <datafield tag="650" ind1="1" ind2="4">
    <subfield code="a">INGENIER&#xCD;A DE PRODUCCI&#xD3;N</subfield>
  </datafield>
  <datafield tag="942" ind1=" " ind2=" ">
    <subfield code="c">ANA</subfield>
  </datafield>
  <datafield tag="952" ind1=" " ind2=" ">
    <subfield code="0">0</subfield>
    <subfield code="1">0</subfield>
    <subfield code="4">0</subfield>
    <subfield code="7">0</subfield>
    <subfield code="8">HEM</subfield>
    <subfield code="a">FUSBC</subfield>
    <subfield code="b">FUSBC</subfield>
    <subfield code="d">2016-01-26</subfield>
    <subfield code="l">0</subfield>
    <subfield code="o"> </subfield>
    <subfield code="r">2016-01-26 00:00:00</subfield>
    <subfield code="w">2016-01-26</subfield>
    <subfield code="y">ANA</subfield>
  </datafield>
  <datafield tag="999" ind1=" " ind2=" ">
    <subfield code="c">62819</subfield>
    <subfield code="d">62819</subfield>
  </datafield>
</record>
